LEADER 01223nam0 2200325 450 001 000018415 005 20060728105808.0 010 $a2-503-50834-0 100 $a20050902d2000----km-y0itaa50------ba 101 0 $afre 102 $aBE 200 1 $aDes Clercs au service de la réforme$eétudes et documents sur le chanoines réguliers de la province de Rouen$fsous la direction de Mathieu Arnoux 205 $aThurnhout 210 $cBrepols$d2000 215 $a404 p.$d25 cm. 225 2 $aBibliotheca Victorina$v11 410 0$12001$aBibliotheca Victorina 606 $aCanonici regolari$yNormandia 676 $a271.08$v(21. ed.)$9Congregazioni e ordini religiosi nella storia della chiesa. Canonici regolari 702 1$aArnoux,$bMathieu 801 0$aIT$bUniversità della Basilicata - B.I.A.$gRICA$2unimarc 912 $a000018415 996 $aDes Clercs au service de la réforme$91527328 997 $aUNIBAS BAS $aLETTERE CAT $aMDL$b30$c20050902$lBAS01$h1138 CAT $aMDL$b30$c20050902$lBAS01$h1302 CAT $aMDL$b00$c20060728$lBAS01$h1058 FMT Z30 -1$lBAS01$LBAS01$mBOOK$1BASA4$APolo di Matera$2DID$BDidattica$3MSR$6103368$5L103368$820050902$f04$FPrestabile Didattica LEADER 01357nam 2200397 450 001 9910715463903321 005 20220922133459.0 035 $a(CKB)5470000002511404 035 $a(OCoLC)1247118770 035 $a(EXLCZ)995470000002511404 100 $a20210422d2021 ua 0 101 0 $aeng 135 $aur||||||||||| 181 $ctxt$2rdacontent 182 $cc$2rdamedia 183 $acr$2rdacarrier 200 00$aAfter high school $etalking with your young adult about underage drinking 210 1$a[Rockville, Md.] :$cSubstance Abuse and Mental Health Services Administration,$d2021. 215 $a1 online resource (2 unnumbered pages) $ccolor illustrations 300 $a"Printed 2021"--Page 2. 300 $a"PEP21-03-10-001"--Page 2. 320 $aIncludes bibliographical references (page 2). 517 $aAfter high school 606 $aYouth$xAlcohol use$xPrevention 606 $aAlcoholism$xPrevention 606 $aParenting$xStudy and teaching 615 0$aYouth$xAlcohol use$xPrevention. 615 0$aAlcoholism$xPrevention. 615 0$aParenting$xStudy and teaching. 712 02$aUnited States.$bSubstance Abuse and Mental Health Services Administration, 801 0$bGPO 801 1$bGPO 906 $aBOOK 912 $a9910715463903321 996 $aAfter high school$93437108 997 $aUNINA